Stratégia daňovej obrany podnikateľa

Odborný príspevok, ktorý mapuje východiská a princípy pre účinnú daňovú obhajobu. Koncentrácia daňových krívd a úskokov štátu. Návrh východísk pre daňovú filozofiu. Základné princípy efektívnej daňovej obrany. Bariéry a riziká úspešnej daňovej obrany v SR. Štruktúra kvalitného odvolania proti daňový...

ver descrição completa

Na minha lista:
Detalhes bibliográficos
Autor principal: Burák, Emil
Formato: Capítulo de Livro
Idioma:eslovaco
Assuntos:
Tags: Adicionar Tag
Sem tags, seja o primeiro a adicionar uma tag!

MARC

LEADER 00000naa a2200000 4500
001 r043841
005 20230927065453.1
041 0 |a slo 
044 |a SK 
245 1 0 |a Stratégia daňovej obrany podnikateľa  |c Emil Burák 
520 |a Odborný príspevok, ktorý mapuje východiská a princípy pre účinnú daňovú obhajobu. Koncentrácia daňových krívd a úskokov štátu. Návrh východísk pre daňovú filozofiu. Základné princípy efektívnej daňovej obrany. Bariéry a riziká úspešnej daňovej obrany v SR. Štruktúra kvalitného odvolania proti daňovým orgánom. Ústav SR - vybrané ustanovenia využiteľné pri daňovej obhajobe. Aktívne paragrafy zákona č. 511/1992 k daňovej obrane. Rezultát záverečných odporúčaní. 
610 2 0 |a dane 
610 2 0 |a štát 
610 2 0 |a právo daňové 
610 2 0 |a správa daňová 
610 2 0 |a podnikatelia 
610 2 0 |a zaťaženie daňové 
610 2 0 |a ochrana právna 
610 2 0 |a systémy daňové 
100 1 |a Burák, Emil